ბათუმის შოთა რუსთაველის სახელმწიფო უნივერსიტეტის ბიბლიოთეკა

Семейное право : (ბიბ.ჩანაწერი № 36138)

000 -LEADER
fixed length control field 00873nam a2200241Ia 4500
001 - CONTROL NUMBER
control field 2038
003 - CONTROL NUMBER IDENTIFIER
control field GE_BSU
005 - DATE AND TIME OF LATEST TRANSACTION
control field 20221007111838.0
008 - FIXED-LENGTH DATA ELEMENTS--GENERAL INFORMATION
fixed length control field 181216s2008ru xx |||||||||||||| ||rus||
020 ## - INTERNATIONAL STANDARD BOOK NUMBER
International Standard Book Number 9785238013282
040 ## - CATALOGING SOURCE
Transcribing agency GE_BSU
041 ## - LANGUAGE CODE
Language code of text/sound track or separate title rus
080 ## - UNIVERSAL DECIMAL CLASSIFICATION NUMBER
Universal Decimal Classification number 347.6(470)(075.8) С-30
245 ## - TITLE STATEMENT
Title Семейное право :
Remainder of title Учебники для вузов /
Statement of responsibility, etc. Под ред. Алексия,П.В. И.В. Петрова
250 ## - EDITION STATEMENT
Edition statement 3-е изд. доп. и перераб
264 ## - PRODUCTION, PUBLICATION, DISTRIBUTION, MANUFACTURE, AND COPYRIGHT NOTICE
Place of production, publication, distribution, manufacture Москва :
Name of producer, publisher, distributor, manufacturer Юнити.Закон и право,
Date of production, publication, distribution, manufacture, or copyright notice 2008.
300 ## - PHYSICAL DESCRIPTION
Extent 319 стр.:
653 ## - INDEX TERM--UNCONTROLLED
keyword Семейное право
653 ## - INDEX TERM--UNCONTROLLED
keyword საოჯახო სამართალი
700 ## - ADDED ENTRY--PERSONAL NAME
Personal name Алексия,П.В
Relator term რედაქტორი
9 (RLIN) 15128
700 ## - ADDED ENTRY--PERSONAL NAME
Personal name Петрова, И.В.
Relator term რედაქტორი
9 (RLIN) 15129
942 ## - ADDED ENTRY ELEMENTS (KOHA)
Koha item type წიგნი
Source of classification or shelving scheme
ეგზემპლარები
Withdrawn status Lost status Source of classification or shelving scheme Damaged status Not for loan Permanent Location Current Location Shelving location Date acquired Cost, normal purchase price Full call number Barcode Date last seen Copy number Price effective from Koha item type Public note
          ბათუმის შოთა რუსთაველის სახელმწიფო უნივერსიტეტის მთავარი ბიბლიოთეკა ბათუმის შოთა რუსთაველის სახელმწიფო უნივერსიტეტის მთავარი ბიბლიოთეკა წიგნსაცავი 2018-12-17 10.00 347.6(470)(075.8) С-30 3883 2018-12-17 3883 2018-12-17 წიგნი 10.00